Datum a čas kvízu
23.5
Celkem bodů
Celkový počet nahraných bodů na tomto kvízu bez doplňovacích otázek.
3.
Pořadí na kvízu
Konečné umístění týmu na tomto kvízu.
Zaznamenané odpovědi
| # | Otázka | Odpověď | Body | Výsledky |
|---|---|---|---|---|
| 1. | V pondělí vstoupila v Česku do... | zkušební komisaři (v autoškolách) | 0 | |
| 2. | Pražské letiště mělo minulý tý... | Nizozemsku | 1 | |
| 3. | Oblíbený animovaný seriál půvo... | Jen počkej, zajíci! | 1 | |
| 4. | Premiér v demisi Andrej Babiš... | horu Říp | 1 | |
| 5. | Charitativní utkání mezi výběr... | Ciro Immobile | 0 | |
| 6. | Vítězné téma facebookového hla... | Dařbuján a Pandrhola | 0 | |
| 7. | Další otázka se bude týkat zná... | Hannibal Lecter | 1 | |
| 8. | V roce 2000 se režisér F. A. B... | 1C 2D 3B 4A | 0 | |
| 9. | „Jedno vám teda povim bejt idi... | Forrest Gump | 1 | |
| 10. | Podle knih Stephena Kinga byly... | 1A 2D 3B 4C | 0 |